| 000 | 01280nas a2200277Ia 4500 | ||
|---|---|---|---|
| 001 | R220-R1895 | ||
| 003 | IT-CnALBA | ||
| 008 | 170116c99999999xx |||||||||||| ||und|| | ||
| 040 |
_aIT-CnALBA _cIT-CnALBA |
||
| 041 | _aFRANCESE | ||
| 100 | _aGOLDSTAIN DOM JACQUES, OSB. | ||
| 210 | _aEN CE TEMPS LA | ||
| 222 | _aEN CE TEMPS LA | ||
| 245 | 0 | _aEN CE TEMPS LA'. LA BIBLE. PUBLICATION HEBDOMADAIRE. LE DEUTERONOME CAPP. 16-27. N. 15. . | |
| 250 | _a1a ed. | ||
| 260 |
_a ODEGE BRUXEL. _bFEMMES D'AUJOURD'HUI ED. _cn.d. |
||
| 300 | _a32 p. | ||
| 310 | _aSETTIMANALE | ||
| 362 | _aFascicolo: 15 / | ||
| 500 | _aFROSSARD A. LA BIBBIA. LE LETTERE DEL TESTO. GLI IDOLATRI. ISTITUZIONE DEL PROFETISMO. LA LEGGE DEL TAGLIONE. GUERRA. ILLUSTRAZIONI A COLORE NEL TESTO. PERSONAGGI E TERMINI BIBLICI. CITTÀ DI RIFUGIO RISPOSTE AI LETTORI. | ||
| 501 | _aSocietà San Paolo EM - Piazza San Paolo, 14 - 12051 ALBA (CN) (non commercial uses only) ® Copyright 2017 | ||
| 520 | _aFROSSARD A. LA BIBBIA. LE LETTERE DEL TESTO. GLI IDOLATRI. ISTITUZIONE DEL PROFETISMO. LA LEGGE DEL TAGLIONE. GUERRA. ILLUSTRAZIONI A COLORE NEL TESTO. PERSONAGGI E TERMINI BIBLICI. CITTÀ DI RIFUGIO RISPOSTE AI LETTORI. | ||
| 650 | _aBIBBIA - TESTI E COMMENTI | ||
| 942 | _cCR | ||
| 957 | _71 | ||
| 999 |
_a11873 _bNO _g1 _c319970 _d319970 |
||